English political institutions: an introductory study (Record no. 373059)

000 -LEADER
fixed length control field 00381cam a22001337a 4500
008 - FIXED-LENGTH DATA ELEMENTS--GENERAL INFORMATION
fixed length control field 180718b1925 xxu||||| |||| 00| 0 eng d
082 ## - DEWEY DECIMAL CLASSIFICATION NUMBER
Classification number C4x42 M349
100 ## - MAIN ENTRY--PERSONAL NAME
Personal name Marriott, J.A.R.
245 ## - TITLE STATEMENT
Title English political institutions: an introductory study
Statement of responsibility, etc. by J.A.R. Marriott
250 ## - EDITION STATEMENT
Edition statement 3rd ed.
260 ## - PUBLICATION, DISTRIBUTION, ETC.
Place of publication, distribution, etc. London
Name of publisher, distributor, etc. OUP
Date of publication, distribution, etc. 1925
300 ## - PHYSICAL DESCRIPTION
Extent 351p.
650 ## - SUBJECT ADDED ENTRY--TOPICAL TERM
Topical term or geographic name entry element Constitutional Law - U.K.
Holdings
Withdrawn status Lost status Damaged status Not for loan Permanent Location Current Location Date acquired Full call number Barcode Date last seen Price effective from Koha item type
        Indian Institute of Public Administration Indian Institute of Public Administration 2010-01-20 C4x42 M349 A825 2018-07-21 2018-07-21 A
        Indian Institute of Public Administration Indian Institute of Public Administration 1994-06-18 C4x42 M349 4975 2018-07-21 2018-07-21 Book

Powered by Koha